Energies nouvelles et développement (Record no. 44293)

MARC details
000 -LEADER
fixed length control field 00550 a2200217 4500
037 ## - SOURCE OF ACQUISITION
Stock number S 0442
100 ## - VEDETTE PRINCIPALE - NOM DE PERSONNE
Language of a work Fr.
260 ## - PUBLICATION, DISTRIBUTION, ETC. (IMPRINT)
Place of publication, distribution, etc Paris
260 ## - PUBLICATION, DISTRIBUTION, ETC. (IMPRINT)
Name of publisher, distributor, etc Edition du ministère de la coopération
245 ## - TITLE STATEMENT
Title Energies nouvelles et développement
260 ## - PUBLICATION, DISTRIBUTION, ETC. (IMPRINT)
Date of publication, distribution, etc 1978
300 ## - PHYSICAL DESCRIPTION
Extent 63p
300 ## - PHYSICAL DESCRIPTION
Other physical details 25 cm
440 ## - SERIES STATEMENT/ADDED ENTRY--TITLE
Title "Technologies et développement"
630 ## - SUBJECT ADDED ENTRY--UNIFORM TITLE
Uniform title 62 - Economie domestique. Sciences ménagère
650 ## - SUBJECT ADDED ENTRY--TOPICAL TERM
Topical term or geographic name as entry element 6 - SCIENCES APPLIQEES
650 ## - SUBJECT ADDED ENTRY--TOPICAL TERM
Topical term or geographic name as entry element Energie nouvelle : développement
700 ## - ADDED ENTRY--PERSONAL NAME
Personal name Sema
Holdings
Withdrawn status Lost status Damaged status Not for loan Location (home branch) Sublocation or collection (holding branch) Date acquired Koha issues (times borrowed) Koha full call number Koha date last seen Price effective from Koha item type
        Bibliothèque Universitaire Centrale Bibliothèque Universitaire Centrale 28/02/2009   621 FRA 28/02/2009 28/02/2009 Livre


© 2008, Bibliothèques de l'Université d'Abomey-Calavi

04 BP 789 Cotonou, Tél. : +229 21 36 01 01, Fax : +229 21 35 06 32

Courriel : bu@bu.uac.bj